| 000 | 00853nam a2200277Ia 4500 | ||
|---|---|---|---|
| 008 | 170203s9999 xx 000 0 und d | ||
| 020 | _a0-439341094 | ||
| 050 | _aFic | ||
| 050 | _bH624b | ||
| 100 | _aInches, Alison. | ||
| 245 | _aBob's white Christmas / | ||
| 245 | _cadapted by Alison Inches ; based on the script by Jimmy Hibbert ; illustrated by Mel Grant. | ||
| 260 | _aNew York : | ||
| 260 | _bScholastic Inc. | ||
| 260 | _c2001 | ||
| 300 | _a21 unnumbered pages : | ||
| 300 | _bcolor illustrations ; | ||
| 300 | _c24 cm. | ||
| 440 | _aBob the Builder. | ||
| 500 | _aBased on the television series Bob the Builder. | ||
| 650 | _aBob the Builder (Fictitious character) -- | ||
| 650 | _aBob the Builder (Fictitious character). | ||
| 650 | _xJuvenile fiction. | ||
| 700 | _aGrant, Mel, ill. | ||
| 700 | _aHibbert, Jimmy. | ||
| 999 |
_c306629 _d306629 |
||